Scruffy [
| Main Author: | |
|---|---|
| Format: | Book |
| Published: |
United State :
Ruby Spears Enterprises ,
1980
|
| Subjects: |
MARC
| LEADER | 00000cam a2200000 7i4500 | ||
|---|---|---|---|
| 001 | 0000000123 | ||
| 002 | 000000139 | ||
| 005 | 20080102.0 | ||
| 020 | |a 000000139 | ||
| 090 | 0 | 0 | |a JF |b SCR |
| 100 | 1 | |a Nichols, Charles A. | |
| 245 | 1 | 0 | |a Scruffy [ |h video recording] |c Charles A.Nichols |
| 260 | |a United State : |b Ruby Spears Enterprises , |c 1980 | ||
| 300 | |a 1 Video recording VHS (60:00 min) : |b Col.(PAL) | ||
| 500 | |a Library has 1 copy | ||
| 650 | 0 | 0 | |a Animal fiction |x Cartoons and caricatures |
| 999 | |a PV0068 |b VIDEO |c JUNIOR REFERENCE |e PERPUSTAKAAN KOMUNITI PETALING JAYA | ||